[Event "Washington Chess Congress"]
[Site "Washington D.C."]
[Date "2015.10.09"]
[Round "4.22"]
[White "Collier, Philip"]
[Black "Strenzwilk, Denis"]
[Result "1-0"]
[WhiteElo "1837"]
[BlackElo "1852"]
[PlyCount "179"]
[EventDate "2015.10.??"]
[EventType "swiss"]
[EventRounds "9"]
[EventCountry "USA"]

1. Nf3 d5 2. g3 Nf6 3. Bg2 e6 4. O-O Be7 5. d4 O-O 6. c4 b6 7. Qa4 Bd7 8. Qc2
Nc6 9. Rd1 Nb4 10. Qb3 a5 11. Ne5 a4 12. Qc3 Rc8 13. a3 Na6 14. cxd5 exd5 15.
Nc6 Bxc6 16. Qxc6 Qe8 17. Qxe8 Rfxe8 18. Nc3 c6 19. Nxa4 b5 20. Nc3 b4 21. axb4
Nxb4 22. Bf3 h6 23. Bd2 Nc2 24. Ra4 Rb8 25. Bc1 Rb7 26. Rd2 Nb4 27. Na2 Bd6 28.
Nxb4 Bxb4 29. Rc2 Re6 30. Ra6 Rc7 31. Bf4 Rc8 32. Be5 c5 33. Ra7 Rb6 34. Bxf6
Rxf6 35. dxc5 Rxc5 36. Rxc5 Bxc5 37. Ra8+ Kh7 38. Ra5 Bd4 39. b3 Bb6 40. Rxd5
g6 41. Kg2 Kg7 42. e3 Ba7 43. Rd7 Bc5 44. Bd5 Kf8 45. Rc7 Bb6 46. Rb7 Bd8 47.
e4 Be7 48. e5 Ra6 49. b4 Ra4 50. b5 Rd4 51. Bc6 Rd2 52. Rd7 Rxd7 53. Bxd7 Bc5
54. f4 Ke7 55. Bh3 Bd4 56. Kf1 f5 57. Bg2 Ke6 58. Ke2 g5 59. Kd3 Bg1 60. Ke2
gxf4 61. gxf4 Bxh2 62. Kf3 Bg1 63. Kg3 Be3 64. Bb7 Kd7 65. Bd5 h5 66. Kf3 Bb6
67. e6+ Kd6 68. Kg3 Be3 69. Kh4 Bxf4 70. b6 Ke7 71. Kxh5 Kf6 72. Kh4 Bd6 73.
Bc4 Bb8 74. b7 Bf4 75. Kh3 Bd6 76. Kg2 Ke7 77. Kf3 Kd8 78. Bd3 Kc7 79. Ba6 Kb8
80. Ke3 Ka7 81. Kd4 Be7 82. Ke5 Bh4 83. Kxf5 Be7 84. Kg6 Bd6 85. Kf7 Kb8 86. e7
Bxe7 87. Kxe7 Kc7 88. Ke8 Kb8 89. Kd8 Ka7 90. Kc7 1-0

[Event "Washington Chess Congress"]
[Site "Washington D.C."]
[Date "2015.10.10"]
[Round "5.1"]
[White "Mulyar, Michael"]
[Black "El Debs, Felipe de Cresce"]
[Result "1/2-1/2"]
[WhiteElo "2400"]
[BlackElo "2503"]
[PlyCount "31"]
[EventDate "2015.10.??"]
[EventType "swiss"]
[EventRounds "9"]
[EventCountry "USA"]

1. d4 Nf6 2. Nf3 e6 3. c4 b6 4. g3 Ba6 5. b3 Bb7 6. Bg2 Bb4+ 7. Bd2 a5 8. Nc3
O-O 9. O-O d6 10. Qc2 Nbd7 11. a3 Bxc3 12. Bxc3 Be4 13. Qb2 c6 14. Rac1 a4 15.
b4 b5 16. d5 1/2-1/2

[Event "Washington Chess Congress"]
[Site "Washington D.C."]
[Date "2015.10.09"]
[Round "5.2"]
[White "Sena, Juan Oscar"]
[Black "Erenburg, Sergey"]
[Result "0-1"]
[WhiteElo "2101"]
[BlackElo "2588"]
[PlyCount "68"]
[EventDate "2015.10.??"]
[EventType "swiss"]
[EventRounds "9"]
[EventCountry "USA"]

1. e4 c6 2. d4 d5 3. Nc3 dxe4 4. Nxe4 Bf5 5. Ng3 Bg6 6. h4 h6 7. h5 Bh7 8. f4
e6 9. Nf3 Bb4+ 10. c3 Bd6 11. Ne5 Nf6 12. Bd3 Bxd3 13. Qxd3 Nbd7 14. Qe2 Qc7
15. Bd2 c5 16. Nxd7 Qxd7 17. dxc5 Bxc5 18. O-O-O Qa4 19. f5 O-O-O 20. Kb1 Bd6
21. Be1 Bc7 22. Rxd8+ Rxd8 23. b3 Qd7 24. fxe6 fxe6 25. Kb2 Bxg3 26. Bxg3 Qd2+
27. Qxd2 Rxd2+ 28. Ka3 Rxg2 29. Be5 Rg5 30. Bd4 Nxh5 31. Kb4 a6 32. c4 e5 33.
Bb6 Nf6 34. Rf1 h5 0-1

[Event "Washington Chess Congress"]
[Site "Washington D.C."]
[Date "2015.10.10"]
[Round "5.3"]
[White "Sarkar, Justin"]
[Black "Zierk, Steven"]
[Result "0-1"]
[WhiteElo "2400"]
[BlackElo "2498"]
[PlyCount "50"]
[EventDate "2015.10.??"]
[EventType "swiss"]
[EventRounds "9"]
[EventCountry "USA"]

1. d4 Nf6 2. c4 g6 3. f3 d5 4. cxd5 Nxd5 5. e4 Nb6 6. Nc3 Bg7 7. Be3 O-O 8. Qd2
Nc6 9. O-O-O Qd6 10. Nb5 Qd7 11. Kb1 a6 12. Na3 Rd8 13. Ne2 f5 14. e5 Qe8 15.
Qc1 Nb4 16. Nc2 a5 17. a3 N4d5 18. h4 Be6 19. Ne1 Qa4 20. Bd2 Nc4 21. Nd3 b6
22. Re1 Qb3 23. Ka1 Nb4 24. Bxb4 Nxa3 25. d5 axb4 0-1

[Event "Washington Chess Congress"]
[Site "Washington D.C."]
[Date "2015.10.09"]
[Round "5.6"]
[White "Jacobson, Brandon"]
[Black "Currie, James"]
[Result "0-1"]
[WhiteElo "2265"]
[BlackElo "2043"]
[PlyCount "102"]
[EventDate "2015.10.??"]
[EventType "swiss"]
[EventRounds "9"]
[EventCountry "USA"]

1. d4 Nf6 2. c4 c5 3. d5 e6 4. Nf3 exd5 5. cxd5 d6 6. e4 g6 7. Bd3 Bg7 8. Nbd2
O-O 9. O-O Nbd7 10. a4 Ng4 11. Nc4 Nde5 12. Bf4 Nxc4 13. Bxc4 Bxb2 14. Rb1 Bg7
15. h3 Nf6 16. e5 dxe5 17. Nxe5 Nh5 18. Bh2 Qh4 19. Qb3 Nf4 20. Nf3 Qf6 21. Qe3
Bh6 22. Qe5 Nxh3+ 23. Kh1 Qxe5 24. Nxe5 Nf4 25. g3 Nh3 26. d6 Bf5 27. Rbd1 Ng5
28. Bd5 Be4+ 29. Bxe4 Nxe4 30. f3 Nc3 31. Rd3 Nxa4 32. d7 Bg7 33. Nc4 Bd4 34.
Rb1 b6 35. Bg1 Rfd8 36. Bxd4 Rxd7 37. Ra3 Rxd4 38. Rxa4 Re8 39. Nb2 Rxa4 40.
Nxa4 Re3 41. Ra1 Rb3 42. Kg2 c4 43. Rc1 b5 44. Nc5 Rb2+ 45. Kh3 a5 46. Kg4 a4
47. Rd1 c3 48. Rc1 c2 49. Nd3 a3 50. Kg5 Kg7 51. Ne1 Rb1 0-1

[Event "Washington Chess Congress"]
[Site "Washington D.C."]
[Date "2015.10.10"]
[Round "5.7"]
[White "Brodsky, David"]
[Black "Nguyen, Trung"]
[Result "1-0"]
[WhiteElo "2251"]
[BlackElo "1916"]
[PlyCount "82"]
[EventDate "2015.10.??"]
[EventType "swiss"]
[EventRounds "9"]
[EventCountry "USA"]

1. e4 c5 2. Nf3 d6 3. d4 cxd4 4. Nxd4 Nf6 5. Nc3 g6 6. Be3 a6 7. f3 b5 8. Qd2
Bb7 9. a4 b4 10. Na2 e5 11. Nb3 d5 12. Bg5 h6 13. Bxf6 Qxf6 14. exd5 Bd6 15.
Na5 Qe7 16. O-O-O Qc7 17. Nc4 a5 18. Nxd6+ Qxd6 19. Bb5+ Nd7 20. Rhe1 O-O-O 21.
Qe3 Nb6 22. Bc6 Nc4 23. Qa7 Bxc6 24. Qa6+ Bb7 25. Qxc4+ Kb8 26. Qb5 Qc7 27. d6
Rxd6 28. Rxd6 Qxd6 29. Rd1 Qc7 30. Rd7 Qc6 31. Rxb7+ Qxb7 32. Qxe5+ Ka7 33.
Qxh8 Qd5 34. b3 Qg5+ 35. Kb2 Qxg2 36. Qd4+ Kb7 37. Qd5+ Kc8 38. Qxa5 Qxf3 39.
Nxb4 Qf6+ 40. Ka2 Qf2 41. Qb5 Kd8 1-0

[Event "Washington Chess Congress"]
[Site "Washington D.C."]
[Date "2015.10.10"]
[Round "5.8"]
[White "Gorti, Akshita"]
[Black "Karell, Leif"]
[Result "1-0"]
[WhiteElo "2221"]
[BlackElo "1916"]
[PlyCount "79"]
[EventDate "2015.10.??"]
[EventType "swiss"]
[EventRounds "9"]
[EventCountry "USA"]

1. d4 d5 2. c4 e6 3. Nf3 c6 4. e3 Nf6 5. b3 Nbd7 6. Bb2 Bd6 7. Bd3 O-O 8. Nbd2
Qe7 9. Ne5 dxc4 10. bxc4 c5 11. O-O b6 12. Ne4 Bb7 13. Nxd6 Qxd6 14. Qc2 h6 15.
f4 Qc7 16. Rad1 Rac8 17. Nxd7 Nxd7 18. d5 exd5 19. cxd5 Qd6 20. Bf5 Rcd8 21. e4
f6 22. Be6+ Kh8 23. Qc3 Qe7 24. Rfe1 b5 25. Qa5 a6 26. Qc7 Bc8 27. Bg4 Qf7 28.
Bxd7 c4 29. Qc5 Bxd7 30. e5 Rc8 31. Qd4 fxe5 32. fxe5 Bg4 33. Rd2 c3 34. Bxc3
Rc4 35. Qe3 Rf4 36. h3 b4 37. Bxb4 Rf1+ 38. Rxf1 Qxf1+ 39. Kh2 Bxh3 40. Bxf8
1-0

[Event "Washington Chess Congress"]
[Site "Washington D.C."]
[Date "2015.10.10"]
[Round "5.9"]
[White "Jian, Alex"]
[Black "Samuelson, Andrew"]
[Result "1/2-1/2"]
[WhiteElo "1907"]
[BlackElo "2185"]
[PlyCount "65"]
[EventDate "2015.10.??"]
[EventType "swiss"]
[EventRounds "9"]
[EventCountry "USA"]

1. d4 Nf6 2. c4 c5 3. d5 e6 4. Nc3 exd5 5. cxd5 d6 6. e4 g6 7. Nf3 Bg7 8. h3
O-O 9. Bd3 Nh5 10. O-O Nd7 11. a4 Re8 12. g4 Nhf6 13. Bf4 Ne5 14. Nxe5 dxe5 15.
Be3 h5 16. f3 b6 17. a5 Bd7 18. Nb5 Rf8 19. Qe2 Ne8 20. axb6 axb6 21. Kg2 Rxa1
22. Rxa1 f5 23. Rh1 f4 24. Bf2 hxg4 25. hxg4 Bxg4 26. d6 Bh5 27. Bc4+ Kh7 28.
Qd3 Nf6 29. Nc7 Qd7 30. Ne6 Ra8 31. Ng5+ Kh6 32. Nf7+ Kh7 33. Ng5+ 1/2-1/2

[Event "Washington Chess Congress"]
[Site "Washington D.C."]
[Date "2015.10.10"]
[Round "5.10"]
[White "Balkhamishvili, Tamar"]
[Black "Checa, Nicolas D"]
[Result "0-1"]
[WhiteElo "2065"]
[BlackElo "2437"]
[PlyCount "38"]
[EventDate "2015.10.??"]
[EventType "swiss"]
[EventRounds "9"]
[EventCountry "USA"]

1. e4 e6 2. d4 d5 3. Nc3 Bb4 4. e5 Ne7 5. Bg5 c5 6. Nge2 cxd4 7. Bxe7 Qxe7 8.
Qxd4 Nc6 9. Qg4 O-O 10. a3 Ba5 11. Qa4 Bd7 12. f4 b5 13. Qxb5 Rab8 14. Qd3 Rxb2
15. h4 d4 16. Nxd4 Nxd4 17. Qxd4 Rxc2 18. Rh3 Rc8 19. Bc4 Qc5 0-1

[Event "Washington Chess Congress"]
[Site "Washington D.C."]
[Date "2015.10.10"]
[Round "5.13"]
[White "Shen, Christopher"]
[Black "Trifale, Sharvil"]
[Result "1/2-1/2"]
[WhiteElo "2081"]
[BlackElo "1901"]
[PlyCount "64"]
[EventDate "2015.10.??"]
[EventType "swiss"]
[EventRounds "9"]
[EventCountry "USA"]

1. c4 Nf6 2. g3 c5 3. Bg2 Nc6 4. Nc3 d6 5. e3 e5 6. Nge2 Be6 7. d3 Qd7 8. Nd5
Ne7 9. Nxf6+ gxf6 10. Nc3 f5 11. Nd5 Bg7 12. Qb3 Bxd5 13. cxd5 b5 14. Bd2 a5
15. a4 b4 16. h4 Qa7 17. O-O Bh6 18. Qd1 Rg8 19. Qf3 Qa6 20. Qe2 e4 21. Qh5 Bg7
22. dxe4 fxe4 23. Rab1 h6 24. Bxe4 Qc4 25. Bh7 Rh8 26. b3 Qa6 27. Be4 c4 28.
bxc4 Qxc4 29. Bf3 Qa2 30. Rfd1 Rc8 31. Be4 Qxa4 32. Qg4 Bf6 1/2-1/2

[Event "Washington Chess Congress"]
[Site "Washington D.C."]
[Date "2015.10.10"]
[Round "5.15"]
[White "Taborsky, Rostislav"]
[Black "De Fotis, Gary"]
[Result "1-0"]
[WhiteElo "2220"]
[BlackElo "1998"]
[PlyCount "117"]
[EventDate "2015.10.??"]
[EventType "swiss"]
[EventRounds "9"]
[EventCountry "USA"]

1. d4 Nf6 2. c4 e6 3. g3 d5 4. Nf3 dxc4 5. Bg2 Bb4+ 6. Bd2 Be7 7. O-O O-O 8.
Qc2 c5 9. dxc5 Bxc5 10. Qxc4 Qd5 11. Rc1 Nbd7 12. Qxd5 Nxd5 13. Nc3 N5f6 14. a3
a6 15. Ne1 Rb8 16. Na4 Bd6 17. Bb4 Bxb4 18. axb4 Nd5 19. Nd3 b6 20. Nc3 N5f6
21. f4 Rd8 22. Bc6 Rf8 23. h3 Rd8 24. Bf3 Kf8 25. Kf2 Ke7 26. g4 Ne8 27. Ne4 h6
28. Nd2 Kf8 29. Nb3 Nef6 30. Nd4 Re8 31. Nc6 Ra8 32. Ne7 Rb8 33. Nxc8 Rexc8 34.
Rxa6 Rxc1 35. Nxc1 Rc8 36. Nd3 Rc2 37. Ke1 Nd5 38. Bxd5 exd5 39. Ra7 Ke8 40.
Kd1 Rc6 41. Kd2 Re6 42. e3 Re4 43. b3 Re6 44. Rb7 f6 45. Nf2 Ke7 46. b5 Kd6 47.
b4 Re8 48. Kd3 Ra8 49. e4 Ra2 50. Nd1 Ra3+ 51. Kd4 dxe4 52. Ne3 Rb3 53. Nc4+
Ke6 54. f5+ Ke7 55. Nxb6 Rd3+ 56. Kxe4 Rd1 57. Rxd7+ Rxd7 58. Nxd7 Kxd7 59. Kd5
1-0

[Event "Washington Chess Congress"]
[Site "Washington D.C."]
[Date "2015.10.10"]
[Round "5.16"]
[White "Rahman, Agusto"]
[Black "Collier, Philip"]
[Result "1-0"]
[WhiteElo "2046"]
[BlackElo "1837"]
[PlyCount "86"]
[EventDate "2015.10.??"]
[EventType "swiss"]
[EventRounds "9"]
[EventCountry "USA"]

1. Nf3 Nf6 2. g3 c5 3. Bg2 d5 4. c4 g6 5. O-O Bg7 6. Qa4+ Bd7 7. Qb3 dxc4 8.
Qxc4 Qb6 9. Nc3 Be6 10. Qa4+ Nc6 11. Ne5 Rc8 12. Nxc6 bxc6 13. d3 O-O 14. Qc2
c4 15. Be3 cxd3 16. Qxd3 Qxb2 17. Rab1 Qa3 18. Rb7 Ng4 19. Nd5 Qxd3 20. Nxe7+
Kh8 21. exd3 Nxe3 22. fxe3 Rcd8 23. d4 Bxa2 24. Rxa7 Bc4 25. Rc1 Bb5 26. Bxc6
Bxc6 27. Nxc6 Rde8 28. Kf2 Bh6 29. Rc3 Re6 30. Ne5 Bg7 31. Nd7 Rd8 32. Rcc7 Bh6
33. Ne5 Rf6+ 34. Ke2 Kg7 35. Rxf7+ Rxf7 36. Nxf7 Rb8 37. Nxh6+ Kxh6 38. h4 Kh5
39. Rxh7+ Kg4 40. Rg7 Rb2+ 41. Kd3 Rb3+ 42. Ke4 Kxg3 43. Rxg6+ Kxh4 1-0

[Event "Washington Chess Congress"]
[Site "Washington D.C."]
[Date "2015.10.10"]
[Round "5.17"]
[White "Stancil, Kimani A"]
[Black "Wang, Justin"]
[Result "1/2-1/2"]
[WhiteElo "2042"]
[BlackElo "2046"]
[PlyCount "147"]
[EventDate "2015.10.??"]
[EventType "swiss"]
[EventRounds "9"]
[EventCountry "USA"]

1. e4 c5 2. Nf3 Nc6 3. d4 cxd4 4. Nxd4 g6 5. c4 Bg7 6. Nc2 Nf6 7. Nc3 O-O 8.
Be2 d6 9. Be3 Be6 10. O-O a5 11. f4 Rc8 12. Rb1 Nb4 13. Na3 Na6 14. g4 Nc5 15.
Bf3 Ne8 16. h4 Bd7 17. Kg2 Bc6 18. Qc2 Nc7 19. Rbd1 Qe8 20. Nd5 Nxd5 21. exd5
Bd7 22. Rfe1 Qd8 23. Bf2 Re8 24. Re2 Na4 25. Bd4 Bxd4 26. Rxd4 b5 27. b3 Nb6
28. h5 Qc7 29. hxg6 hxg6 30. Qb2 b4 31. Nc2 f6 32. Rde4 Kf7 33. Re1 Qd8 34. Nd4
Rc7 35. Kg3 Nc8 36. Re6 Rh8 37. R6e2 Qf8 38. Rh1 Rxh1 39. Bxh1 Qg7 40. Bf3 Qf8
41. Qd2 Rc5 42. Qe1 Nb6 43. Rh2 Qg7 44. Qh1 Kg8 45. Qe1 Kf7 46. Qe4 f5 47. Qe3
Qf6 48. Rh7+ Ke8 49. g5 Qf8 50. Ne6 Qg8 51. Rg7 Bxe6 52. Rxg8+ Bxg8 53. Qd4 Bf7
54. Qg7 Nd7 55. Bg2 Rc8 56. Kf2 Rc5 57. Ke3 Nf8 58. Qh8 Rc8 59. Kd3 Kd7 60. Qg7
Ke8 61. Bh3 Rc5 62. Bg2 Rc8 63. Qb2 Nd7 64. Qg7 Nc5+ 65. Kc2 Rd8 66. Bf3 Rc8
67. Bg2 Rd8 68. Bf3 Rc8 69. Qh7 Kf8 70. Qh8+ Bg8 71. Qd4 Rb8 72. Qe3 Bf7 73.
Qd4 Bg8 74. Qe3 1/2-1/2

[Event "Washington Chess Congress"]
[Site "Washington D.C."]
[Date "2015.10.10"]
[Round "5.18"]
[White "Tia Jr, Rudy"]
[Black "Huang, Andy"]
[Result "1/2-1/2"]
[WhiteElo "2146"]
[BlackElo "1965"]
[PlyCount "47"]
[EventDate "2015.10.??"]
[EventType "swiss"]
[EventRounds "9"]
[EventCountry "USA"]

1. b3 Nf6 2. Bb2 g6 3. Bxf6 exf6 4. c4 Bg7 5. Nc3 O-O 6. g3 d6 7. Bg2 f5 8. Rc1
c5 9. e3 Nc6 10. Nge2 Bd7 11. h4 Ne5 12. d4 Bc6 13. d5 Bd7 14. Nf4 a6 15. a4
Qa5 16. O-O Nxc4 17. bxc4 Bxc3 18. Qb3 Bd2 19. Ra1 Rab8 20. Rfb1 Qc7 21. Qb2
Bb4 22. Qf6 Bc8 23. Nh5 gxh5 24. Qg5+ 1/2-1/2

[Event "Washington Chess Congress"]
[Site "Washington D.C."]
[Date "2015.10.10"]
[Round "5.19"]
[White "Dommalapati, Aasa"]
[Black "Macaspac, Arthur"]
[Result "0-1"]
[WhiteElo "1646"]
[BlackElo "2083"]
[PlyCount "54"]
[EventDate "2015.10.??"]
[EventType "swiss"]
[EventRounds "9"]
[EventCountry "USA"]

1. e4 c5 2. Nf3 d6 3. Bb5+ Nd7 4. O-O Ngf6 5. Bd3 g6 6. c3 Bg7 7. Bc2 e5 8. d4
O-O 9. Re1 b6 10. Nbd2 Bb7 11. Nf1 Qc7 12. Ng3 cxd4 13. cxd4 Rac8 14. Bb3 a6
15. a3 exd4 16. Nxd4 Nc5 17. Bc2 d5 18. exd5 Nxd5 19. Nb3 Na4 20. Nd4 Nc5 21.
Nb3 Ne6 22. Be4 Rfd8 23. Qf3 f5 24. Bxf5 gxf5 25. Rxe6 f4 26. Nf5 Ne3 27. Ne7+
Kf8 0-1

[Event "Washington Chess Congress"]
[Site "Washington D.C."]
[Date "2015.10.10"]
[Round "5.20"]
[White "Balck, Eric"]
[Black "Mays, Shelly"]
[Result "1-0"]
[WhiteElo "1974"]
[BlackElo "2033"]
[PlyCount "59"]
[EventDate "2015.10.??"]
[EventType "swiss"]
[EventRounds "9"]
[EventCountry "USA"]

1. e4 d6 2. d4 Nf6 3. Nc3 c6 4. Nf3 Bg4 5. Be2 Nbd7 6. O-O e5 7. a4 Be7 8. a5
O-O 9. Be3 b5 10. axb6 axb6 11. d5 Rxa1 12. Qxa1 Nxe4 13. Nxe4 cxd5 14. Ng3 f5
15. Ne1 Bxe2 16. Nxe2 f4 17. Bd2 Qc7 18. Qa2 Qc6 19. Nc3 Nf6 20. Nd3 Qc4 21.
Qxc4 dxc4 22. Nb4 Ra8 23. f3 d5 24. Nc6 Bd6 25. Re1 Re8 26. Nb5 Bc5+ 27. Kf1 e4
28. Bxf4 Nh5 29. Bc1 e3 30. Ncd4 1-0

[Event "Washington Chess Congress"]
[Site "Washington D.C."]
[Date "2015.10.10"]
[Round "5.21"]
[White "Strenzwilk, Denis"]
[Black "Paul, Justin"]
[Result "0-1"]
[WhiteElo "1852"]
[BlackElo "1926"]
[PlyCount "104"]
[EventDate "2015.10.??"]
[EventType "swiss"]
[EventRounds "9"]
[EventCountry "USA"]

1. e4 e6 2. d4 d5 3. Nc3 Bb4 4. e5 c5 5. Qg4 Ne7 6. dxc5 Nbc6 7. Bd2 Nf5 8. Nf3
h5 9. Qf4 Bxc5 10. Bd3 Nce7 11. h4 Bd7 12. O-O Ng6 13. Qh2 Nfxh4 14. Nxh4 Qxh4
15. Qxh4 Nxh4 16. Rfe1 Ng6 17. a4 a6 18. Re2 Bd4 19. Bxg6 fxg6 20. Nd1 O-O 21.
c3 Bc5 22. Ne3 Rac8 23. Nc2 Rf5 24. Kf1 Ba7 25. Be3 Bxe3 26. Rxe3 Rc4 27. Nd4
Rf8 28. a5 g5 29. Ke1 g4 30. Ra3 Kf7 31. Rb3 Bc8 32. Ra3 g5 33. b3 Rc7 34. b4
Bd7 35. Nb3 Ke7 36. Nd4 h4 37. Rb3 Rf4 38. Ne2 Bb5 39. g3 h3 40. gxf4 h2 41.
Ng3 gxf4 42. Nh1 fxe3 43. fxe3 Bd3 44. Rb2 Rxc3 45. Rxh2 Be4 46. Kf2 Rc2+ 47.
Kg3 Rxh2 48. Kxh2 Bxh1 49. Kxh1 Kf7 50. Kg2 Kg6 51. Kg3 Kf5 52. Kh4 Kxe5 0-1

[Event "Washington Chess Congress"]
[Site "Washington D.C."]
[Date "2015.10.10"]
[Round "6.1"]
[White "El Debs, Felipe de Cresce"]
[Black "Erenburg, Sergey"]
[Result "1-0"]
[WhiteElo "2503"]
[BlackElo "2588"]
[PlyCount "49"]
[EventDate "2015.10.??"]
[EventType "swiss"]
[EventRounds "9"]
[EventCountry "USA"]

1. d4 d5 2. c4 dxc4 3. e3 e5 4. Bxc4 exd4 5. exd4 Nf6 6. Nf3 Be7 7. O-O O-O 8.
Nc3 Nbd7 9. Re1 Nb6 10. Bb3 Bg4 11. h3 Bxf3 12. Qxf3 c6 13. Bg5 Qd7 14. Re5
Rae8 15. Rae1 Bd8 16. Bc2 Nfd5 17. Bf5 Rxe5 18. dxe5 Qc7 19. Ne4 g6 20. Nf6+
Nxf6 21. exf6 Qd6 22. Bc2 Qc5 23. Bh6 Qxc2 24. Bxf8 Nd5 25. Bd6 1-0

[Event "Washington Chess Congress"]
[Site "Washington D.C."]
[Date "2015.10.10"]
[Round "6.2"]
[White "Zierk, Steven"]
[Black "Brodsky, David"]
[Result "1-0"]
[WhiteElo "2498"]
[BlackElo "2251"]
[PlyCount "95"]
[EventDate "2015.10.??"]
[EventType "swiss"]
[EventRounds "9"]
[EventCountry "USA"]

1. e4 e6 2. d4 d5 3. Nd2 Nf6 4. e5 Nfd7 5. Bd3 c5 6. c3 Nc6 7. Ne2 cxd4 8. cxd4
Qb6 9. Nf3 f6 10. exf6 Nxf6 11. O-O Bd6 12. b3 O-O 13. Bb2 Bd7 14. Rc1 a5 15.
a3 Kh8 16. Bb1 Be8 17. Ng3 Bf4 18. Rc3 Rd8 19. Bc1 Ne4 20. Rd3 Bxc1 21. Qxc1
Nxg3 22. hxg3 Bh5 23. Qe3 Bxf3 24. gxf3 e5 25. Kg2 exd4 26. Qg5 Rd6 27. Rh1 h6
28. Qd2 Ne5 29. Rxd4 Qxb3 30. f4 Qf3+ 31. Kg1 Rb6 32. Qc2 Ng6 33. Kh2 Re8 34.
Rd3 Qg4 35. Rxd5 Re2 36. Rd2 Rxd2 37. Qxd2 Rf6 38. Re1 Qh5+ 39. Kg1 Nf8 40. Re5
Qf3 41. Qxa5 Ra6 42. Re8 Qd1+ 43. Kg2 Qxb1 44. Rxf8+ Kh7 45. Qd5 h5 46. f5 Qb2
47. Qd8 g6 48. f6 1-0

[Event "Washington Chess Congress"]
[Site "Washington D.C."]
[Date "2015.10.10"]
[Round "6.5"]
[White "Checa, Nicolas D"]
[Black "Gorti, Akshita"]
[Result "1-0"]
[WhiteElo "2437"]
[BlackElo "2211"]
[PlyCount "85"]
[EventDate "2015.10.??"]
[EventType "swiss"]
[EventRounds "9"]
[EventCountry "USA"]

1. d4 e6 2. Nf3 Nf6 3. c4 b6 4. g3 Bb7 5. Bg2 Be7 6. O-O O-O 7. Re1 a5 8. Bg5
c5 9. Nc3 cxd4 10. Nxd4 Bxg2 11. Kxg2 Qc7 12. Qd3 Na6 13. e4 Nc5 14. Qe2 Qb7
15. f3 d6 16. Rad1 Rfd8 17. b3 h6 18. Bc1 Ne8 19. f4 Nc7 20. Qf3 Bf8 21. h4
N7a6 22. f5 Nb4 23. Rf1 Nc6 24. Nxc6 Qxc6 25. f6 g6 26. Be3 Nd7 27. Bd4 Qb7 28.
a4 Rac8 29. Rfe1 Ne5 30. Qf4 Nd7 31. Be3 Nc5 32. Bxc5 Rxc5 33. Kh3 Qc6 34. Nb5
d5 35. exd5 exd5 36. Nc3 d4 37. Nd5 Rcxd5 38. cxd5 Qxd5 39. Rd3 Rc8 40. Re2 Rc3
41. Rxd4 Qxb3 42. Rd8 Rc2 43. Rxf8+ 1-0

[Event "Washington Chess Congress"]
[Site "Washington D.C."]
[Date "2015.10.11"]
[Round "6.6"]
[White "Sena, Juan Oscar"]
[Black "Sarkar, Justin"]
[Result "1/2-1/2"]
[WhiteElo "2101"]
[BlackElo "2400"]
[PlyCount "68"]
[EventDate "2015.10.??"]
[EventType "swiss"]
[EventRounds "9"]
[EventCountry "USA"]

1. e4 c6 2. d4 d5 3. Nc3 dxe4 4. Nxe4 Bf5 5. Ng3 Bg6 6. h4 h6 7. h5 Bh7 8. f4
e6 9. Nf3 Nd7 10. Bd3 Bxd3 11. Qxd3 Ngf6 12. Bd2 Qc7 13. O-O-O c5 14. dxc5 Bxc5
15. Ne4 O-O-O 16. Nxc5 Nxc5 17. Qc4 Nce4 18. Qxc7+ Kxc7 19. Ne5 Rxd2 20. Rxd2
Nxd2 21. Kxd2 Nd7 22. Ke3 Nxe5 23. fxe5 Kd7 24. Rh4 Rc8 25. c4 Ke7 26. Rg4 Kf8
27. b4 a5 28. a3 axb4 29. axb4 Rd8 30. Rd4 Ke7 31. c5 Rxd4 32. Kxd4 Kd7 33. b5
Kc7 34. g4 f6 1/2-1/2

[Event "Washington Chess Congress"]
[Site "Washington D.C."]
[Date "2015.10.10"]
[Round "6.7"]
[White "Jian, Alex"]
[Black "Zlotnikov, Mikhail"]
[Result "1/2-1/2"]
[WhiteElo "1907"]
[BlackElo "2281"]
[PlyCount "44"]
[EventDate "2015.10.??"]
[EventType "swiss"]
[EventRounds "9"]
[EventCountry "USA"]

1. d4 g6 2. Nf3 Bg7 3. c4 d6 4. Nc3 Nf6 5. e4 O-O 6. Be2 Nbd7 7. Bg5 h6 8. Bh4
c6 9. O-O Qc7 10. Nd2 e5 11. d5 a5 12. a3 Nb6 13. b4 cxd5 14. Nb5 Qd8 15. cxd5
Bd7 16. Rc1 axb4 17. axb4 Kh7 18. Qc2 Qb8 19. f3 Rc8 20. Qb3 Bxb5 21. Bxb5 Qa7
22. Bf2 Qa2 1/2-1/2

[Event "Washington Chess Congress"]
[Site "Washington D.C."]
[Date "2015.10.10"]
[Round "6.8"]
[White "Samuelson, Andrew"]
[Black "Darmonovic, Srdjan"]
[Result "0-1"]
[WhiteElo "2185"]
[BlackElo "2211"]
[PlyCount "60"]
[EventDate "2015.10.??"]
[EventType "swiss"]
[EventRounds "9"]
[EventCountry "USA"]

1. e4 e5 2. Bc4 Nf6 3. d3 Nc6 4. Nf3 Bc5 5. O-O O-O 6. Re1 d6 7. c3 a6 8. Bb3
h6 9. Nbd2 Ba7 10. Nf1 Nh5 11. Ng3 Nxg3 12. hxg3 Bg4 13. Be3 Qf6 14. Bxa7 Rxa7
15. Re3 Raa8 16. Qd2 Rad8 17. Rf1 Be6 18. Nh4 Bxb3 19. axb3 d5 20. Qe2 dxe4 21.
dxe4 Qe6 22. b4 Rd7 23. f4 Rfd8 24. Nf3 Qg4 25. fxe5 Qxg3 26. b5 axb5 27. Nd4
Qxe5 28. Nxb5 Rd2 29. Qc4 Qg5 30. Rf2 Ne5 0-1

[Event "Washington Chess Congress"]
[Site "Washington D.C."]
[Date "2015.10.10"]
[Round "6.9"]
[White "Kaufman, Larry C"]
[Black "Rahman, Agusto"]
[Result "1-0"]
[WhiteElo "2306"]
[BlackElo "2046"]
[PlyCount "65"]
[EventDate "2015.10.??"]
[EventType "swiss"]
[EventRounds "9"]
[EventCountry "USA"]

1. e4 c5 2. Nf3 d6 3. Bb5+ Nc6 4. O-O Bd7 5. Re1 e5 6. c3 Qb6 7. Bf1 Be7 8. h3
Bf6 9. Na3 Nge7 10. Nc4 Qc7 11. d4 cxd4 12. cxd4 exd4 13. Bg5 Be5 14. Rc1 f6
15. Bd2 b5 16. Ncxe5 dxe5 17. Bxb5 Qb6 18. Bc4 Rb8 19. Nh4 Nd8 20. Qh5+ g6 21.
Qh6 Be6 22. Qg7 Nf7 23. Ba5 Qc6 24. Bb3 Qa6 25. Qxf6 Rxb3 26. axb3 Ng8 27. Qg7
Qxa5 28. Nf3 Ne7 29. b4 Qxb4 30. Nxe5 Rg8 31. Qf6 Nxe5 32. Qxe6 Nd7 33. Rc8#
1-0

[Event "Washington Chess Congress"]
[Site "Washington D.C."]
[Date "2015.10.10"]
[Round "6.11"]
[White "Karell, Leif"]
[Black "Yu, Jennifer"]
[Result "1/2-1/2"]
[WhiteElo "1961"]
[BlackElo "2220"]
[PlyCount "41"]
[EventDate "2015.10.??"]
[EventType "swiss"]
[EventRounds "9"]
[EventCountry "USA"]

1. e4 c5 2. Nf3 d6 3. d3 g6 4. g3 Bg7 5. Bg2 Nc6 6. O-O Nf6 7. Nbd2 O-O 8. Re1
Qc7 9. Nf1 b6 10. Nh4 e5 11. h3 Be6 12. f4 Qc8 13. f5 gxf5 14. Nxf5 Bxf5 15.
exf5 Rd8 16. g4 Ne8 17. Bg5 f6 18. Bd5+ Kh8 19. Be3 Rb8 20. Qd2 Ne7 21. Be6
1/2-1/2